A digitális tanítás, tanulás módszertanának kidolgozása, bevezetése a szigetvári középiskolában

Bibliographic Details
Main Author: Kálmánné Német Zsuzsanna
Other Authors: Karakasné Dr. Morvay PhD Klára
Format: Thesis
Kulcsszavak:IKT eszközök
digitális tanítás
digitális tanulás
Szigetvári középiskola
IKT módszertan bevezetése
Online Access:http://dolgozattar.uni-bge.hu/15898

MARC

LEADER 00000nta a2200000 i 4500
001 dolg15898
005 20181116111050.0
008 180511suuuu hu om 000 hun d
040 |a BGE Dolgozattár Repozitórium  |b hun 
041 |a hu 
100 1 |a Kálmánné Német Zsuzsanna 
245 1 2 |a A digitális tanítás, tanulás módszertanának kidolgozása, bevezetése a szigetvári középiskolában  |c Kálmánné Német Zsuzsanna  |h [elektronikus dokumentum] 
695 |a IKT eszközök 
695 |a digitális tanítás 
695 |a digitális tanulás 
695 |a Szigetvári középiskola 
695 |a IKT módszertan bevezetése 
700 1 |a Karakasné Dr. Morvay PhD Klára  |e ths 
856 4 0 |u http://dolgozattar.uni-bge.hu/15898/1/PORTF%C3%93LI%C3%93%2BSZAKDOLGOZAT%202..docx.pdf  |z Dokumentum-elérés